| 000 | 00595nam a22001577a 4500 | ||
|---|---|---|---|
| 003 | macl | ||
| 005 | 20191116124637.0 | ||
| 008 | 191116b xxu||||| |||| 00| 0 eng d | ||
| 040 | _cmacl | ||
| 082 | _a920/VIK | ||
| 100 |
_aविक्रम ,नंद किशाेर विक्रम _977150 |
||
| 245 | _aउतर आधुनिकता मीडिया और देवेन्द्र इस्सर | ||
| 260 |
_aदिल्ली _bइन्द्रप्रस्थ प्रकाशन _c2018 |
||
| 651 |
_aजीवनी _974196 |
||
| 942 |
_2ddc _cHIN |
||
| 999 |
_c61320 _d61320 |
||